| 000 | 00443nam a2200205Ia 4500 | ||
|---|---|---|---|
| 001 | 12318 | ||
| 003 | GE_BSU | ||
| 008 | 181216s||||||||xx |||||||||||||| ||und|| | ||
| 020 | _a9780552158817 | ||
| 040 | _cGE_BSU | ||
| 080 | _a821.111-32 | ||
| 100 | _aKernick,Simon | ||
| 245 | 4 | _aThe Last 10 second | |
| 260 | _aLondon | ||
| 260 | _bCorgi books | ||
| 260 | _c2010 | ||
| 300 | _a473p.20cm. | ||
| 653 | _aThe Last 10 second | ||
| 942 | _cBK | ||
| 999 |
_c45493 _d45493 |
||